[Event "HCL-A2588"]
[Site "www.playchess.de"]
[Date "2006.02.05"]
[Round "9"]
[White "victorabiodun03"]
[Black "Djusta"]
[WhiteElo "1378"]
[BlackElo "1268"]
[PlyCount "39"]
[Result "1-0"]

1.f4 d5 2.Nf3 Nc6 3.e3 e6 4.d4 Nf6 5.c3 Bd6 6.Bd3 
Bd7 7.Nbd2 O-O 8.O-O a5 9.Ne5 b6 10.Qf3 Ne7 11.g4 
Bc6 12.g5 Nd7 13.Bxh7+ Kxh7 14.Qh5+ Kg8 15.Nxc6 
Nxc6 16.Rf3 f6 17.g6 Re8 18.Rh3 Kf8 19.Qh8+ Ke7 
20.Qxg7+ 1-0

[Event "HCL-A2557"]
[Site "www.playchess.de"]
[Date "2006.02.05"]
[Round "2"]
[White "Matu"]
[Black "Deep_Trouble"]
[WhiteElo "1528"]
[BlackElo "1652"]
[PlyCount "67"]
[Result "1-0"]

1.Nf3 Nf6 {Welcome to our match.}  2.b3 {hi}  g6 
3.Bb2 Bg7 4.g3 O-O 5.Bg2 d6 6.O-O e5 7.e3 Bd7 8.d4 
e4 9.Nfd2 Qe7 10.c4 Nc6 11.a3 Bg4 12.Qe1 b6 13.Nc3 
Bf5 14.b4 Rfe8 15.Qb1 Rad8 16.Nb5 d5 17.cxd5 Rxd5 
18.Nc3 Rdd8 19.Qc2 Nxd4 20.exd4 e3 21.Qc1 exd2 
22.Qxd2 Ne4 23.Nxe4 Bxe4 24.Rfe1 f5 25.f3 c5 
26.bxc5 bxc5 27.fxe4 Bxd4+ 28.Bxd4 Rxd4 29.Qa2+ 
Qf7 30.Qxf7+ Kxf7 31.exf5 gxf5 32.Rxe8 Kxe8 
33.Re1+ Kf7 34.Re5 1-0

[Event "HCL-M877"]
[Site "www.playchess.de"]
[Date "2006.02.05"]
[Round "5"]
[White "Cordi"]
[Black "Maccdavid"]
[WhiteElo "1624"]
[BlackElo "1637"]
[PlyCount "52"]
[Result "1/2-1/2"]

1.e4 {Hi, good luck.}  e5 {Thanks, same to you.}  
2.Nf3 Nc6 3.Bb5 a6 4.Bxc6 dxc6 5.d4 exd4 6.Qxd4 
Qxd4 7.Nxd4 Bd7 8.Bf4 O-O-O 9.Nc3 Bb4 10.Nde2 Nf6 
11.O-O-O Ng4 {Sorry about delay.}  12.Rhf1 h6 
13.h3 Nf6 14.Be5 Ne8 15.a3 Bd6 16.Bg3 Be6 17.e5 
Be7 18.f4 g6 19.Rxd8+ Kxd8 20.Rd1+ Kc8 21.Nd4 Ng7 
22.Nxe6 Nxe6 23.Bh2 Rd8 24.g3 Rxd1+ 25.Kxd1 Nd4 
26.Bg1 Nf5 {(offering draw)}  1/2-1/2

[Event "HCL-C4030"]
[Site "www.playchess.de"]
[Date "2006.02.05"]
[Round "12"]
[White "sigma40"]
[Black "Ironside"]
[WhiteElo "1144"]
[BlackElo "950"]
[PlyCount "33"]
[Result "1-0"]

1.e4 {hello and good luck}  e5 {good luck 
friend..}  2.Nf3 {thank you}  d6 
{blessings..
}  3.Nc3 Nc6 4.Bb5 Bd7 5.O-O a6 6.Bc4 g5 7.d3 h6 
8.h3 f5 9.a3 f4 10.Bd5 g4 11.hxg4 Bxg4 12.g3 h5 
13.Kg2 Nd4 14.Bxb7 Bxf3+ 15.Qxf3 Nxf3 16.Kxf3 Ra7 
17.Bc6+ 1-0

[Event "HCL-M892"]
[Site "www.playchess.de"]
[Date "2006.02.05"]
[Round "7"]
[White "bobp"]
[Black "Tapiwa"]
[WhiteElo "1861"]
[BlackElo "1958"]
[PlyCount "53"]
[Result "1/2-1/2"]

1.d4 {Have a good game.}  d5 {Same to you!!!!}  
2.Nf3 Nf6 3.Bg5 Nc6 4.e3 h6 5.Bh4 e6 6.Nbd2 Be7 
7.a3 O-O 8.Bd3 Nd7 9.Bxe7 Qxe7 10.c4 dxc4 11.Nxc4 
Rd8 12.O-O e5 13.dxe5 Nc5 14.Nd4 Nxe5 15.Nxe5 Qxe5 
16.Bc2 Ne6 17.Qd3 g6 18.Qc3 Nxd4 19.exd4 Qf4 
20.Rad1 Re8 21.Qd2 Qxd2 22.Rxd2 Be6 23.f3 Bd5 
24.Rdd1 Re2 25.Rf2 Rae8 26.Bd3 R2e7 27.Rc1 
{(offering draw)}  1/2-1/2

[Event "HCL-C4030"]
[Site "www.playchess.de"]
[Date "2006.02.05"]
[Round "1"]
[White "garden"]
[Black "Ironside"]
[WhiteElo "1034"]
[BlackElo "950"]
[PlyCount "37"]
[Result "1-0"]

1.e4 e5 2.Nc3 d6 3.Bb5+ Bd7 4.Bc4 a6 5.Qf3 Nf6 
6.d3 Nc6 7.Nd5 Be6 8.Bg5 Be7 9.Nh3 Bxd5 10.Bxf6 
Bxf6 11.Bxd5 Nd4 12.Qd1 c6 13.Bb3 b5 14.c3 Nxb3 
15.axb3 d5 16.O-O O-O 17.c4 dxe4 18.dxe4 b4 
19.Qe1 1-0

[Event "HCL-C4106"]
[Site "www.playchess.de"]
[Date "2006.02.05"]
[Round "21"]
[White "epenz"]
[Black "Treebeard"]
[WhiteElo "1025"]
[BlackElo "1226"]
[PlyCount "46"]
[Result "0-1"]

1.e4 e5 2.Nf3 Nc6 3.d3 Nf6 4.Be2 Bc5 5.h3 d5 
6.exd5 Qxd5 7.Bg5 Qd8 8.c4 h6 9.Bxf6 Qxf6 10.Nc3 
Bf5 11.O-O O-O-O 12.a3 Be7 13.b4 Qg6 14.g4 Be6 
15.b5 Nd4 16.Nxd4 exd4 17.Ne4 f5 18.f3 fxe4 
19.fxe4 h5 20.Kh2 hxg4 21.Bxg4 Bxg4 22.Kg2 Bxh3+ 
23.Kf2 Qg2+ 0-1

[Event "ACL-B026"]
[Site "www.playchess.de"]
[Date "2006.02.05"]
[Round "13"]
[White "BDG_Girl"]
[Black "Rajah"]
[WhiteElo "1644"]
[BlackElo "1642"]
[PlyCount "40"]
[Result "1/2-1/2"]

1.d4 {Hello again and good luck!}  d5 {Good luck 
to you too!}  2.e4 e6 3.e5 c5 4.c3 Nc6 5.Nf3 Qb6 
6.Bd3 cxd4 7.O-O Bd7 8.a4 dxc3 9.Nxc3 a6 10.a5 
Nxa5 11.Be3 Bc5 12.Bxc5 Qxc5 13.Qd2 Nb3 14.Qg5 Ne7 
15.Ra3 Nd4 16.Nxd4 Qxd4 17.Ne2 Qxb2 18.Rc3 d4 
19.Rc7 h6 20.Qxg7 Rg8 {(offering draw)} 
 1/2-1/2

[Event "HCL-B3833"]
[Site "www.playchess.de"]
[Date "2006.02.05"]
[Round "16"]
[White "djpnola"]
[Black "GMO"]
[WhiteElo "1162"]
[BlackElo "1316"]
[PlyCount "74"]
[Result "0-1"]

1.f4 {Hello
}  d5 {Hi girl! How are you?}  2.d4 {Uh... I'm a 
male.}  e6 {Sorry, my friend! Hi boy! How are 
you?}  3.Nf3 {Fine. And you?  Are you really 9 yrs 
old?}  Bd6 {I am fine too. I have 41 years old.}  
4.g3 {Your profile says you're 9.}  Nc6 5.e3 Nf6 
6.Nc3 a6 7.Bd3 h6 8.O-O O-O 9.Bd2 Re8 10.e4 dxe4 
11.Bxe4 Nxe4 12.Nxe4 Be7 13.Bc3 Qd5 14.Qe2 b5 
15.Nh4 Bxh4 16.gxh4 Bb7 17.Nf6+ gxf6 18.Qg4+ Kh7 
19.f5 Reg8 20.Rf4 Rxg4+ 21.Rxg4 Rg8 22.Rxg8 Kxg8 
23.fxe6 fxe6 24.Rd1 Qxa2 25.d5 exd5 26.Bxf6 Qa4 
27.Rxd5 Qg4+ 28.Kf2 Qf4+ 29.Kg1 Qxf6 30.Rd7 Qg6+ 
31.Kf2 Ne5 32.Rd8+ Kg7 33.Rb8 Qg2+ 34.Ke3 Nc4+ 
35.Kd4 Nxb2 36.Rxb7 Qxb7 {Sorry...}  37.Kc3 {No 
problem. I saw that one coming. This game's over.} 
 Na4+ 0-1

[Event "HCL-M846"]
[Site "www.playchess.de"]
[Date "2006.02.05"]
[Round "8"]
[White "Paul_D"]
[Black "BDG_Girl"]
[WhiteElo "1536"]
[BlackElo "2062"]
[PlyCount "46"]
[Result "0-1"]

1.e4 {Hello from Bend, Oregon.  I will try to give 
you a decent game, though looking at everyone's 
ratings, I fear that my breakthough into the 
M-class will be brief. Paul}  d5 {Hello from 
Bowling Green, Kentucky!  Good luck!}  2.exd5 Qxd5 
3.Nc3 Qa5 4.d4 Nf6 5.Nf3 Bf5 6.Bd2 c6 7.Ne4 Qb6 
8.Nxf6+ gxf6 9.b3 Nd7 10.Be3 e6 11.Bd3 Bb4+ 12.Bd2 
Bxd3 13.Bxb4 Qxb4+ 14.Nd2 Bg6 15.O-O Qxd4 16.Qc1 
O-O-O 17.c3 Qf4 18.Rd1 Nc5 19.Qa3 Ne4 20.g3 Qxf2+ 
21.Kh1 Nxg3+ 22.hxg3 Rxd2 23.Rxd2 {Thanks for the 
good game.}  Be4+ {Thanks for the interesting 
game!}  0-1

[Event "HCL-B3775"]
[Site "www.playchess.de"]
[Date "2006.02.05"]
[Round "3"]
[White "PANDURANGAIAH"]
[Black "pytolo98"]
[WhiteElo "1086"]
[BlackElo "1285"]
[PlyCount "80"]
[Result "0-1"]

1.e4 e5 2.Nf3 Qf6 3.a3 Bc5 4.Bc4 d6 5.h3 a6 6.O-O 
Qg6 7.Kh2 Nf6 8.d3 Nc6 9.Qe2 Bd7 10.Be3 O-O-O 
11.Bxc5 dxc5 12.Nc3 Qh6 13.Qd2 Qh5 14.Qg5 h6 
15.Qxh5 Nxh5 16.Ne2 Rhf8 17.g4 Nf6 18.Rfg1 g6 
19.Kg3 h5 20.g5 h4+ 21.Kh2 Nh5 22.Ne1 f6 23.gxf6 
Rxf6 24.f3 Rdf8 25.Rg2 b6 26.Bxa6+ Kb8 27.Bb5 Nf4 
28.Nxf4 R6xf4 29.Bxc6 Bxc6 30.Rxg6 Kb7 31.Rg4 Rxg4 
32.fxg4 Bd7 33.Kg2 b5 34.Nf3 Kb6 35.Nxe5 Be6 
36.Ng6 Rf6 37.Nxh4 c6 38.Rf1 Rh6 39.Kg3 Ka5 40.b3 
Rh8 0-1

[Event "HCL-B3759"]
[Site "www.playchess.de"]
[Date "2006.02.05"]
[Round "13"]
[White "newplayer"]
[Black "JRockne"]
[WhiteElo "1051"]
[BlackElo "1067"]
[PlyCount "119"]
[Result "1/2-1/2"]

1.e4 e5 2.d4 Nc6 3.d5 Nce7 4.Nf3 Nf6 5.Bg5 h6 
6.Bxf6 gxf6 7.c3 d6 8.Nh4 Rg8 9.g3 f5 10.exf5 Nxf5 
11.Nxf5 Bxf5 12.Bb5+ Bd7 13.Qa4 a6 14.Bxd7+ Qxd7 
15.Qxd7+ Kxd7 16.Ke2 Bg7 17.Kf3 Rae8 18.Ke4 Rgf8 
19.g4 Kd8 20.Nd2 f6 21.Rab1 Re7 22.Kf5 c6 23.dxc6 
bxc6 24.Nb3 Rh8 25.Rhd1 Kd7 26.Nc5+ Ke8 27.Rxd6 h5 
28.g5 fxg5 29.Nxa6 e4 30.Rxc6 g4 31.Rc7 Re5+ 
32.Kf4 Rf8+ 33.Kg3 Rff5 34.Rd1 Bf6 35.Rdd7 Bd8 
36.Rcb7 Rf3+ 37.Kg2 e3 38.Rdh7 exf2 39.Rh8+ Rf8 
40.Rxf8+ Kxf8 41.Kxf2 Ra5 42.Nb4 h4 43.Nc6 Rf5+ 
44.Kg2 Ke8 45.Nxd8 Kxd8 46.h3 Rf3 47.hxg4 Rg3+ 
48.Kh2 Rxg4 49.b4 Rg3 50.c4 Ra3 51.c5 Rxa2+ 52.Kh3 
Kc8 53.c6 Rc2 54.b5 Rc5 55.Kxh4 Kd8 56.c7+ Rxc7 
57.Rb6 Kd7 58.Kg4 Rc5 59.Kf4 Kc7 60.Rc6+ 
{(offering draw)}  1/2-1/2

[Event "HCL-E1556"]
[Site "www.playchess.de"]
[Date "2006.02.05"]
[Round "8"]
[White "Matu"]
[Black "Abra"]
[WhiteElo "1551"]
[BlackElo "1503"]
[PlyCount "86"]
[Result "1/2-1/2"]

1.Nf3 Nc6 2.b3 e5 3.Bb2 d6 4.g3 Nf6 5.Bg2 h6 6.O-O 
Nh7 7.e3 Be7 8.d4 exd4 9.Nxd4 Nxd4 10.Bxd4 O-O 
11.c4 Bf6 12.Bxf6 Qxf6 13.Nd2 Ng5 14.Ne4 Nxe4 
15.Bxe4 c6 16.Bc2 Bh3 17.Re1 Bg4 18.Qd3 g6 {You 
could take my Bishop.}  19.Qd4 Qe6 20.Bd1 Bh3 
21.Bf3 Rab8 22.Qxa7 Qf6 23.Bg2 Bxg2 24.Kxg2 b5 
25.cxb5 Rxb5 26.Qd4 Qxd4 27.exd4 Rb4 28.Rad1 Ra8 
29.Re2 Kg7 30.Rc2 Ra6 31.Rdd2 Kf6 32.Rc4 Rxc4 
33.bxc4 h5 34.Rb2 Ke6 35.c5 dxc5 36.dxc5 Ra5 
37.Kf3 Rxc5 38.a4 Ra5 39.Ra2 c5 40.Ke4 g5 41.Kd3 
Kd5 42.f3 h4 43.Kc3 hxg3 {(offering draw)} 
 1/2-1/2

[Event "HCL-E1556"]
[Site "www.playchess.de"]
[Date "2006.02.05"]
[Round "21"]
[White "Emerson"]
[Black "Bauarbeiter"]
[WhiteElo "1766"]
[BlackElo "1767"]
[PlyCount "40"]
[Result "1/2-1/2"]

1.c4 {willkommen und auf ein gutes match!}  c5 
{Hi. Nice to meet you. Good luck for you.}  2.Nc3 
{let´s fetz!}  Nf6 3.e4 d6 4.d3 Nc6 5.g3 Bg4 6.f3 
Bd7 7.Nge2 g6 8.Bg2 Bg7 9.O-O O-O 10.Be3 a6 11.h3 
Rb8 12.a4 Nb4 13.Qd2 b5 14.axb5 axb5 15.e5 dxe5 
16.Bxc5 bxc4 17.dxc4 Be6 18.Qxd8 Rfxd8 19.b3 Rd7 
20.Nb5 Nd3 {(offering draw) What do you think 
about a draw?}  1/2-1/2

[Event "HCL-E1519"]
[Site "www.playchess.de"]
[Date "2006.02.05"]
[Round "29"]
[White "Emerson"]
[Black "Glomp"]
[WhiteElo "1726"]
[BlackElo "1605"]
[PlyCount "53"]
[Result "1-0"]

1.c4 Nf6 2.Nc3 d6 3.g3 e5 4.Bg2 c6 5.d3 Be7 6.e4 
Na6 7.Nge2 O-O 8.O-O Be6 9.f4 exf4 10.gxf4 Bg4 
11.h3 Bd7 12.Ng3 g6 13.f5 Re8 14.Bg5 Nxe4 15.Ncxe4 
Bxg5 16.Nxd6 Qb6+ 17.d4 Qxb2 18.Nxe8 Rxe8 19.fxg6 
hxg6 20.Ne4 Rxe4 21.Bxe4 Be3+ 22.Kh1 Qxd4 23.Qxd4 
Bxd4 24.Rad1 Bxh3 25.Rf3 Bg4 26.Rxd4 Bxf3+ 
27.Bxf3 1-0

[Event "HCL-M844"]
[Site "www.playchess.de"]
[Date "2006.02.05"]
[Round "22"]
[White "temple"]
[Black "DeepFrank"]
[WhiteElo "1794"]
[BlackElo "2097"]
[PlyCount "72"]
[Result "0-1"]

1.d4 {Hello again.}  Nf6 {Hello and good game.}  
2.c4 e6 3.Nf3 c5 4.d5 exd5 5.cxd5 d6 6.Nc3 g6 
7.Bg5 h6 8.Bh4 g5 9.Bg3 Nh5 10.e4 Nxg3 11.fxg3 Bg7 
12.Bd3 O-O 13.O-O Qe7 14.Qc2 Nd7 15.Rae1 a6 16.a4 
{Happy New Year!}  Rb8 {Thanks, the same to you!}  
17.b3 Ne5 18.Nxe5 Qxe5 19.Nd1 b5 20.Kh1 bxa4 
21.bxa4 Rb4 22.Ne3 Qc3 23.Reb1 Qxc2 24.Bxc2 a5 
25.Nf5 Bxf5 26.exf5 Bc3 27.Rb3 Be5 28.Rbf3 Rfb8 
29.f6 R4b2 30.Bd3 R8b4 31.Bb5 Rd2 32.Rd3 Rxd3 
33.Bxd3 Rxa4 34.Rb1 Bxf6 35.Bc2 Rd4 36.Rb5 
Rc4 0-1

[Event "HCL-A2542"]
[Site "www.playchess.de"]
[Date "2006.02.05"]
[Round "17"]
[White "yannick"]
[Black "carbug"]
[WhiteElo "1596"]
[BlackElo "1530"]
[PlyCount "48"]
[Result "1/2-1/2"]

1.e4 {hi,good tournament}  e5 2.Nf3 Nf6 3.d4 Nxe4 
4.Bd3 d5 5.Nxe5 Nd7 6.Bxe4 dxe4 7.O-O Be7 8.Nc3 
Nxe5 9.dxe5 Bf5 10.Qe2 c6 11.Nxe4 O-O 12.Ng3 Be6 
13.Be3 Qd5 14.f4 f6 15.c4 Qxc4 16.Qh5 Qd3 17.Rfe1 
Bf7 18.Qg4 fxe5 19.fxe5 Bd5 20.Rad1 Qg6 21.Qxg6 
hxg6 22.b3 b6 23.Bf2 Rad8 24.Re2 Be6 {(offering 
draw)}  1/2-1/2

[Event "HCL-E1535"]
[Site "www.playchess.de"]
[Date "2006.02.05"]
[Round "13"]
[White "alldrix"]
[Black "temple"]
[WhiteElo "1600"]
[BlackElo "1727"]
[PlyCount "48"]
[Result "0-1"]

1.e4 e5 2.Nc3 Nc6 3.Bc4 Nf6 4.Nf3 Be7 5.O-O O-O 
6.d3 a6 7.Bg5 h6 8.Bh4 d6 9.h3 b5 10.Bb3 Na5 
11.Nh2 Nxb3 12.axb3 Be6 13.f4 exf4 14.Bxf6 Bxf6 
15.Rxf4 Bd4+ 16.Kh1 Qg5 17.Ne2 Bxb2 18.Rb1 Be5 
19.Nf3 Qh5 20.Nxe5 dxe5 21.Rf3 f5 22.Ng3 Qh4 
23.exf5 Bd5 24.Re3 Qxh3+ 0-1

[Event "HCL-C4095"]
[Site "www.playchess.de"]
[Date "2006.02.05"]
[Round "12"]
[White "epenz"]
[Black "Milosforman"]
[WhiteElo "1024"]
[BlackElo "962"]
[PlyCount "57"]
[Result "1-0"]

1.e4 {hi}  c5 2.Nf3 d6 3.Bc4 e6 4.O-O Be7 5.d3 Bd7 
6.Nc3 a6 7.Re1 b5 8.Bb3 a5 9.a4 b4 10.Ne2 h6 11.c4 
Nf6 12.Ba2 Nc6 13.b3 e5 14.Be3 Nd4 15.Bxd4 cxd4 
16.h3 O-O 17.Ng3 h5 18.Nh2 h4 19.Ngf1 Nh7 20.g4 
hxg3 21.Nxg3 Bxh3 22.Kh1 Bh4 23.Rg1 Qf6 24.Qe2 
Bxg3 25.Rxg3 Ng5 26.Rag1 Qf4 27.R3xg5 f6 28.R5xg7+ 
Kh8 29.Qh5+ 1-0

[Event "HCL-B3782"]
[Site "www.playchess.de"]
[Date "2006.02.05"]
[Round "7"]
[White "bonejacker"]
[Black "SMLooking"]
[WhiteElo "1706"]
[BlackElo "1392"]
[PlyCount "163"]
[Result "1-0"]

1.c4 {hello friend  looking foward to a good 
game
}  e5 {hi from Cairo, Egypt, have a nice game you 
too!}  2.Nc3 Nf6 3.d3 Bb4 4.Bd2 Nc6 5.g3 d6 6.Bg2 
Bg4 7.Bxc6+ bxc6 8.Qa4 Bxc3 9.Bxc3 Bd7 10.Nf3 O-O 
11.Qc2 h6 12.e4 Ng4 13.h3 Nf6 14.Nh4 Qc8 15.g4 Qd8 
16.Nf5 Bxf5 17.gxf5 Nh5 18.O-O-O Nf4 19.Bd2 Qh4 
20.Bxf4 Qxf4+ 21.Qd2 Qxd2+ 22.Kxd2 Rab8 23.b3 f6 
24.Rhg1 Rbd8 25.Rg4 d5 26.cxd5 cxd5 27.exd5 Rxd5 
28.Ra4 a5 29.Ke3 Rfd8 30.h4 Rc5 31.Rc4 Rxc4 
32.bxc4 Rb8 33.f3 Kf7 34.h5 Rb2 35.Rd2 Rxd2 
36.Kxd2 Ke7 37.c5 Kd7 38.Kc3 Kc6 39.Kc4 a4 40.a3 
Kb7 41.Kb5 c6+ 42.Ka5 Ka7 43.Kxa4 Ka6 44.Kb4 Kb7 
45.Kc3 Ka6 46.Kb4 Kb7 47.Ka5 Ka7 48.Kb4 Kb7 49.Kb3 
Ka6 50.Kb4 Kb7 51.Kc3 Ka6 52.Kd2 Ka5 53.Ke3 Ka4 
54.f4 exf4+ 55.Kxf4 Kxa3 56.Ke3 Kb4 57.d4 Kc4 
58.Ke4 Kb5 59.Kd3 Kb4 60.Kd2 Kc4 61.Ke3 Kb5 62.Kd3 
Kb4 63.Ke2 Kc4 64.Ke3 Kc3 65.Ke4 Kc4 66.Ke3 Kc3 
67.Ke4 {looks like a draw  dosen't it?}  Kc4 
{(offering draw) yeah, unless one of us wants to 
lose :)}  68.Ke3 {I think your right but lets play 
a couple of more moves}  Kc3 69.d5 cxd5 70.c6 d4+ 
71.Ke4 d3 72.c7 d2 73.c8Q+ Kb2 74.Qb7+ Kc1 75.Qc6+ 
Kd1 76.Kd5 Ke1 77.Qa4 d1Q+ 78.Qxd1+ Kxd1 79.Ke6 
Ke2 80.Kf7 Kf3 81.Kxg7 Kg4 82.Kg6 1-0

[Event "HCL-C4016"]
[Site "www.playchess.de"]
[Date "2006.02.05"]
[Round "15"]
[White "newplayer"]
[Black "Milosforman"]
[WhiteElo "1085"]
[BlackElo "928"]
[PlyCount "66"]
[Result "0-1"]

1.e4 c5 2.e5 e6 3.Bb5 a6 4.Bc4 d5 5.exd6 Qxd6 
6.Ne2 g6 7.b3 Bg7 8.Nbc3 Nf6 9.O-O Qe5 10.d3 b5 
11.d4 cxd4 12.Bxb5+ axb5 13.Bf4 Qh5 14.Bxb8 Rxb8 
15.Qxd4 Ng4 16.h3 Bxd4 17.Nxd4 b4 18.Ncb5 Rxb5 
19.Nxb5 Qxb5 20.hxg4 Ba6 21.Rfd1 O-O 22.a3 bxa3 
23.Rxa3 Ra8 24.c4 Qb4 25.Rda1 Qc3 26.R3xa6 Qxa1+ 
27.Rxa1 Rxa1+ 28.Kh2 Rb1 29.c5 Rxb3 30.f4 Rc3 
31.f5 gxf5 32.g5 Rxc5 33.Kh3 Rc4 0-1

[Event "HCL-E1554"]
[Site "www.playchess.de"]
[Date "2006.02.05"]
[Round "2"]
[White "Baldrick"]
[Black "takesa"]
[WhiteElo "1700"]
[BlackElo "1604"]
[PlyCount "29"]
[Result "1-0"]

1.e4 {Greetings!}  e5 {Hello, chess friend!}  2.f4 
{Hi there!}  d5 3.exd5 e4 4.d3 Nf6 5.dxe4 Nxe4 
6.Nf3 Bc5 7.Qe2 Bf2+ 8.Kd1 Qxd5+ 9.Nfd2 f5 10.Nc3 
Qd4 11.Ncxe4 fxe4 12.c3 Qe3 13.Nxe4 Qxe2+ 14.Bxe2 
O-O 15.Nxf2 1-0

[Event "HCL-B3858"]
[Site "www.playchess.de"]
[Date "2006.02.05"]
[Round "14"]
[White "evets"]
[Black "Viking"]
[WhiteElo "1392"]
[BlackElo "1087"]
[PlyCount "53"]
[Result "1-0"]

1.d4 Nf6 2.Nf3 g6 3.b3 d5 4.Bb2 Bg7 5.e3 O-O 6.Bd3 
Ne4 7.Bxe4 dxe4 8.Nfd2 c5 9.c3 Qd5 10.Qc2 Bf5 
11.O-O Nd7 12.Na3 a6 13.Rad1 b5 14.c4 Qd6 15.dxc5 
Qxc5 16.Bxg7 Kxg7 17.Qb2+ f6 18.Nxe4 Qc6 19.Ng5 h6 
20.e4 Bxe4 21.Nxe4 Qxe4 22.Rxd7 b4 23.Nc2 a5 
24.Re1 Qg4 25.Rexe7+ Kh8 26.Reh7+ Kg8 
27.Rdg7+ 1-0

[Event "HCL-A2531"]
[Site "www.playchess.de"]
[Date "2006.02.05"]
[Round "3"]
[White "seisan"]
[Black "Matu"]
[WhiteElo "1491"]
[BlackElo "1517"]
[PlyCount "132"]
[Result "0-1"]

1.e4 d5 2.exd5 Qxd5 3.Nc3 Qa5 4.d4 Nf6 5.Bd3 Bg4 
6.Nge2 Nbd7 7.O-O e6 8.Qe1 Be7 9.Bd2 c6 10.b4 Qc7 
11.a3 O-O 12.Ng3 Rfe8 13.Nce4 Nxe4 14.Nxe4 Nf6 
15.Nxf6+ Bxf6 16.c3 g6 17.h3 Bf5 18.Bxf5 exf5 
19.Qc1 Re6 20.Bg5 Rae8 21.Bxf6 Rxf6 22.Qg5 Rfe6 
23.h4 R6e4 24.f3 R4e3 25.h5 Qe7 26.Qg3 Rxc3 
27.Rae1 Re3 28.Red1 g5 29.d5 h6 30.dxc6 bxc6 
31.Rdc1 f4 32.Qg4 Qe6 33.Qxe6 R8xe6 34.Rc5 Rxa3 
35.Rfc1 Ra4 36.b5 cxb5 37.Rxb5 Ra2 38.Rc7 a5 
39.Rbb7 Rf6 40.Rba7 a4 41.Rc8+ Kg7 42.Rca8 Ra1+ 
43.Kh2 a3 44.R7xa3 Rxa3 45.Rxa3 Rb6 46.Ra7 Kf6 
47.Kh3 Ke6 48.g3 fxg3 49.Kxg3 Rb4 50.Rc7 Kf6 
51.Rd7 {(offering draw)}  Rh4 52.Rd6+ Kg7 53.Rc6 
Rxh5 54.f4 Rh1 55.fxg5 hxg5 56.Kg2 Ra1 57.Kg3 f6 
58.Kg4 Kg6 59.Rb6 Ra4+ 60.Kg3 g4 61.Rc6 Kg5 
62.Rc5+ f5 63.Rc8 f4+ 64.Kg2 Ra2+ 65.Kg1 Kh4 
66.Rh8+ Kg3 0-1

[Event "HCL-C3930"]
[Site "www.playchess.de"]
[Date "2006.02.05"]
[Round "10"]
[White "Dreamer"]
[Black "battlingknight"]
[WhiteElo "800"]
[BlackElo "800"]
[PlyCount "45"]
[Result "1-0"]

1.Nc3 e6 2.b4 Bxb4 3.Rb1 a5 4.Nb5 e5 5.Nf3 c6 6.c3 
cxb5 7.cxb4 a4 8.Nxe5 Nf6 9.Qc2 d6 10.h4 dxe5 
11.Rh3 Bxh3 12.Qc5 Bd7 13.Qxe5+ Qe7 14.Qg5 Bg4 
15.Qxg7 Qf8 16.Rb2 Qxg7 17.Rc2 O-O 18.f3 Be6 
19.Bb2 Nbd7 20.Rc7 Qg3+ 21.Kd1 Qxc7 22.f4 Rac8 
23.Bd4 1-0

[Event "HCL-B3808"]
[Site "www.playchess.de"]
[Date "2006.02.05"]
[Round "2"]
[White "The_Iceman75"]
[Black "dynamike"]
[WhiteElo "1473"]
[BlackElo "1479"]
[PlyCount "72"]
[Result "0-1"]

1.e4 {Good luck to you}  c5 2.c3 d5 3.exd5 Qxd5 
4.d4 Nf6 5.Nf3 Bg4 6.Be2 Nc6 7.O-O e6 8.Bf4 Rd8 
9.Qa4 a6 10.Nbd2 cxd4 11.cxd4 Be7 12.Rac1 O-O 
13.h3 Bh5 14.Bc4 Qd7 15.Rfe1 b5 16.Bxb5 axb5 
17.Qxb5 Nxd4 18.Nxd4 Qxd4 19.Rc4 Qa7 20.Rc7 Qd4 
21.Be3 Qd6 22.Rec1 Rdb8 23.Qa5 Bd8 24.Qa7 Bxc7 
25.Rxc7 Rfd8 26.Nc4 Qd1+ 27.Kh2 h6 28.Bf4 Rba8 
29.Qc5 Rxa2 30.Bxh6 Ra1 31.Qe5 Rd5 32.Qf4 Rd4 
33.Qg5 Bg6 34.Rc8+ Kh7 35.Ne5 Qh1+ 36.Kg3 
Ne4+ 0-1

[Event "HCL-C4061"]
[Site "www.playchess.de"]
[Date "2006.02.05"]
[Round "5"]
[White "Talisman77"]
[Black "daveboy6968"]
[WhiteElo "1225"]
[BlackElo "1008"]
[PlyCount "71"]
[Result "1-0"]

1.d4 {Hi}  d5 {hello good luck+happy new year :-)} 
 2.c4 {happy new year to you too !}  dxc4 {:-) 
thanks}  3.Nc3 e6 4.Nf3 Bb4 5.e3 c6 6.Ne5 b5 7.Be2 
Nd7 8.Bf3 Bb7 9.Nxc6 Bxc6 10.Bxc6 Rb8 11.O-O Bxc3 
12.bxc3 Rb6 13.Qf3 f5 14.Ba3 Ne7 15.Bxd7+ Qxd7 
16.Bxe7 Kxe7 17.Rfd1 Rd6 18.Rab1 g6 19.a4 bxa4 
20.Rb7 Qxb7 21.Qxb7+ Rd7 22.Qb4+ Kf7 23.Qxc4 Rhd8 
24.Qxa4 Rc7 25.c4 Rb8 26.c5 g5 27.h3 h5 28.Kh2 Rb2 
29.f3 Re2 30.Qb3 f4 31.d5 Rxc5 32.dxe6+ Ke7 
33.Rd7+ Kf6 34.Rf7+ Kg6 35.Qd3+ Kh6 36.Qh7+ 
{Thanks for the game}  1-0

[Event "HCL-C4098"]
[Site "www.playchess.de"]
[Date "2006.02.05"]
[Round "14"]
[White "JMD"]
[Black "nichju"]
[WhiteElo "1293"]
[BlackElo "1010"]
[PlyCount "41"]
[Result "1-0"]

1.d4 {hello from Paris}  d6 2.e4 f6 3.f4 e5 4.d5 
f5 5.Bd3 fxe4 6.Bxe4 Nf6 7.Nc3 Nxe4 8.Nxe4 Bf5 
9.Ng3 Qh4 10.fxe5 dxe5 11.Nf3 Bb4+ 12.c3 Bc5 
13.Nxh4 Bc8 14.Qh5+ Kd8 15.Bg5+ Be7 16.Bxe7+ Kxe7 
17.Qxe5+ Kd8 18.O-O-O Nd7 19.Qxg7 Re8 20.Qg5+ Re7 
21.Rhe1 1-0

[Event "HCL-A2581"]
[Site "www.playchess.de"]
[Date "2006.02.05"]
[Round "9"]
[White "wbaldan"]
[Black "Spotsychess"]
[WhiteElo "1344"]
[BlackElo "1448"]
[PlyCount "29"]
[Result "1-0"]

1.e4 e6 2.d4 b6 3.Bd3 Bb7 4.Nf3 Nf6 5.Qe2 Be7 
6.O-O O-O 7.c3 d6 8.Nbd2 Nbd7 9.e5 dxe5 10.dxe5 
Nd5 11.Ne4 c5 12.Neg5 Bxg5 13.Bxh7+ Kh8 14.Nxg5 f6 
15.Qh5 1-0

[Event "HCL-E1490"]
[Site "www.playchess.de"]
[Date "2006.02.05"]
[Round "8"]
[White "tomy"]
[Black "Kurt_Rohrer"]
[WhiteElo "1532"]
[BlackElo "1928"]
[PlyCount "53"]
[Result "1-0"]

1.e4 c5 {Hi from Brazil,good luck!}  2.Nf3 d6 3.d4 
cxd4 4.Nxd4 Nf6 5.Nc3 a6 6.Be2 Nbd7 7.Be3 e5 8.Nf5 
Qc7 9.Qd2 Nc5 10.Bxc5 dxc5 11.g4 Be6 12.Qg5 O-O-O 
13.Nxg7 Bxg7 14.Qxg7 Qe7 15.g5 Nd7 16.h4 h6 17.h5 
Rdg8 18.gxh6 Rxg7 19.hxg7 Rg8 20.h6 Nf6 21.O-O-O 
Nh7 22.Nd5 Qg5+ 23.Kb1 Rxg7 24.hxg7 Qxg7 25.Rdg1 
Ng5 26.Bg4 Kd7 {(offering draw)}  
27.Rh5 1-0

[Event "HCL-C4142"]
[Site "www.playchess.de"]
[Date "2006.02.05"]
[Round "10"]
[White "nichju"]
[Black "aussie"]
[WhiteElo "1062"]
[BlackElo "1114"]
[PlyCount "39"]
[Result "1-0"]

1.e4 {Hello again}  c5 {greetings from New Jersey 
& good luck}  2.Nf3 d6 3.b3 Nf6 4.Bb2 e5 5.Bc4 Bg4 
6.h3 Bh5 7.O-O Nxe4 8.Qe2 Bxf3 9.Qxf3 Nf6 10.Qxb7 
Nbd7 11.Nc3 Qb8 12.Qf3 Nb6 13.Nd5 Nfxd5 14.Bxd5 
Nxd5 15.Qxd5 Be7 16.Qc6+ Kf8 17.Rae1 Qc8 18.Qd5 g6 
19.f4 Rb8 20.fxe5 1-0

[Event "HCL-E1502"]
[Site "www.playchess.de"]
[Date "2006.02.05"]
[Round "16"]
[White "Abra"]
[Black "Glomp"]
[WhiteElo "1544"]
[BlackElo "1660"]
[PlyCount "68"]
[Result "1/2-1/2"]

1.e4 {Hello again,gg
}  c5 {Good luck!}  2.Nf3 e6 3.d3 Nc6 4.c4 g6 
5.Bg5 Qb6 6.Qd2 Bg7 7.Nc3 d6 8.Rb1 Nge7 9.a3 a6 
10.Na4 Qc7 11.Qf4 b6 12.Be2 Bb7 13.b3 O-O 14.Bh6 
b5 15.Bxg7 Kxg7 16.Nb2 Rac8 17.O-O f6 18.h3 d5 
19.Qxc7 Rxc7 20.exd5 exd5 21.Nd2 f5 22.Bf3 Ne5 
23.Rfe1 Kf6 24.Re2 Nxf3+ 25.Nxf3 d4 26.Ne5 Nc6 
27.Nxc6 Bxc6 28.Rbe1 Rff7 29.Kf1 Rce7 30.f3 Rxe2 
31.Rxe2 Re7 32.Rxe7 Kxe7 33.Kf2 Ke6 34.f4 Bb7 
{(offering draw)}  1/2-1/2

[Event "HCL-A2490"]
[Site "www.playchess.de"]
[Date "2006.02.05"]
[Round "3"]
[White "mfrez"]
[Black "kali"]
[WhiteElo "1700"]
[BlackElo "1456"]
[PlyCount "40"]
[Result "0-1"]

1.d4 Nf6 2.Nf3 e6 3.Bf4 c5 4.c3 Nc6 5.e3 b6 6.Bd3 
Bb7 7.O-O Be7 8.Nbd2 O-O 9.e4 d5 10.e5 Nd7 11.h3 
cxd4 12.cxd4 Rc8 13.a3 a5 14.Nh2 Nxd4 15.Ndf3 
Nxf3+ 16.Nxf3 Nc5 17.Bxh7+ Kxh7 18.Re1 g6 19.Qd3 
Nxd3 20.Red1 Nxf4 0-1

[Event "HCL-E1546"]
[Site "www.playchess.de"]
[Date "2006.02.05"]
[Round "8"]
[White "Eishockeytorwart"]
[Black "FlatoA"]
[WhiteElo "1949"]
[BlackElo "1424"]
[PlyCount "40"]
[Result "1-0"]

1.e4 {willkommen aus Mönchengladbach}  e5 {Hi}  
2.Nf3 d6 3.d4 exd4 4.Nxd4 Be7 5.Nc3 Nf6 6.Be2 O-O 
7.O-O Bd7 8.Be3 c5 9.Nb3 a6 10.Qd2 b5 11.f3 b4 
12.Nd5 Nxd5 13.Qxd5 Bc6 14.Qd2 a5 15.Rad1 a4 
16.Nc1 h6 17.Bf4 d5 18.exd5 Bb7 19.a3 Bd6 20.Bc4 
Nd7 1-0